000 01129nam a2200301 c 4500
003 BLK
005 20180420222721.0
008 180408b bul|||||r ||||||| ||bul||
010 _aKNG00061833000
040 _aBLK
041 _aBUL
_cBUL
080 _aОрганизъм и среда за обитание
_b574.2
_x:551.32/.34(035)
_z574.2:551.32/.34(035)
100 1 _aЦветков, Цветан Димитров
_eпърви автор
_9241833
139 _aЦветков, Цветан Димитров
_bЦ 30
245 1 0 _aСправочник по криобиология
_cЦветан Димитров Цветков.
257 _aBGR
260 София
_bЗемиздат
_c1982
_fХасково : Ат. Стратиев
300 _a319 с.
_bсъс сх., табл., диагр.
_c25 см
380 _a5
500 _aБиблиогр. с. 103-112. - Рез. на англ. ез.
504 _a103-112
650 4 _aКриобиология
_9159716
852 _aЦб 112916
856 4 _qpdf
_u
856 4 _qpdf
_u
942 _cKNG
_n0
944 _aCR
_c13.06.2004
_kГеновева_Генчева
944 _aED
_c15.10.2015
_k
999 _c57821
_d57821